000 01002cad a22002415a 4500
001 E150924
008 100916s2009 xxk f 100 0 eng d
020 _a9781842195192
035 _a(Sirsi) u150924
041 0 _aeng
100 1 _aVenter, E. A. L.
111 2 _aConstruction and Building Research Conference
_cUniversity of Cape Town
_d10-11 September 2009
245 0 2 _aA critical analysis of the influences of city planning policies on property development within a metropolitan municipality
_h[electronic resource]
260 _aLondon
_bRICS
_c2009
520 _aA paper presented at the COBRA Conference in Cape Town on 10-11 September 2009.
590 _aKA
650 2 4 _aCONSTRUCTION AND BUILDING RESEARCH CONFERENCE (COBRA)
651 4 _aSouth Africa
690 _aPlanning and development
_96259
700 1 _aCloete, Chris
856 4 0 _uhttps://www.rics.org/site/scripts/download_info.aspx?fileID=4945&categoryID=524
_zView the item free of charge at www.rics.org
942 _n0
999 _c111028
_d111028